Karman (Registro nro. 310905)

Detalles MARC
000 -ENCABEZADO
Número de control [NR] 01013cam a2200301 i 4500
001 - NÚMERO DE CONTROL
control field on1015241941
005 - FECHA Y HORA DE LA ÚLTIMA TRANSACCIÓN
control field 20181129122659.0
008 - DE LONGITUD FIJA DE DATOS DE ELEMENTOS - INFORMACIÓN GENERAL
Elementos de longitud fija [NR] 181129s2017 it b 001 0 ita d
010 ## - NUMERO DE CONTROL DE LA BIBLIOTECA DEL CONGRESO (LC) [NR]
Número de control LC [NR] 2018423204
020 ## - NUMERO INTERNACIONAL NORMALIZADO PARA LIBROS [R]
Número Internacional Normalizado del libro [NR] 9788833928821
020 ## - NUMERO INTERNACIONAL NORMALIZADO PARA LIBROS [R]
ISBN Cancelado/ Invalidado [R] 8833928829
035 ## - NUMERO DE CONTROL DEL SISTEMA [R]
Número de control del sistema [NR] (OCoLC)1015241941
040 ## - FUENTE DE CATALOGACION [NR]
Agencia de catalogación original [NR] Co-BoUCM
Idioma de catalogación [NR] spa
Quien Cataloga Saul Niño
Quien Clasifica Saul Niño
041 0# - CODIGO DE IDIOMA [R]
Código de idioma para texto/pista de sonido o título separado [R] Italiano
100 1# - ASIENTO PRINCIPAL--NOMBRE PERSONAL [NR]
Nombre personal [NR] Agamben, Giorgio
Fechas asociadas con el nombre [NR] 1942-
ID Autoridad 72640
245 10 - MENCION DE TITULO [NR]
Título [NR] Karman
Parte restante del título [NR] breve trattato sull'azione, la colpa e il gesto
Mención de responsabilidad, etc. [NR] Giorgio Agamben
260 ## - PUBLICACION, DISTRIBUCION, ETC. (PIE DE IMPRENTA) [R]
Lugar de publicación, distribución, etc. [R] Torino
Nombre del editor, distribuidor, etc. [R] Bollati Boringhieri
Fecha de publicación, distribución, etc. [R] 2017
300 ## - DESCRIPCION FISICA [R]
Extensión [R] 148 páginas
490 0# - MENCION DE SERIE [R]
Mención de serie [R] Temi
Designación numérica/secuencial del volumen [NR] 274
505 0# - NOTA DE CONTENIDO CON FORMATO PREESTABLECIDO [R]
Nota de contenido con formato preestablecido [NR] La causa e la colpa -- Crimen e karman -- Le aporie della volontà -- Al di là dell'azione.
546 ## - NOTA DE IDIOMA [R]
Nota de idioma [NR] Texto en italiano
650 #7 - ASIENTO SECUNDARIO DE MATERIA - TERMINO TEMATICO [R]
Término temático o nombre geográfico como elemento de entrada [NR] Acto (Filosofía)
9 (RLIN) 8453
650 #7 - ASIENTO SECUNDARIO DE MATERIA - TERMINO TEMATICO [R]
Término temático o nombre geográfico como elemento de entrada [NR] Libre albedrio y determinismo
9 (RLIN) 18499
650 #7 - ASIENTO SECUNDARIO DE MATERIA - TERMINO TEMATICO [R]
Término temático o nombre geográfico como elemento de entrada [NR] Responsabilidad
9 (RLIN) 23663
650 #7 - ASIENTO SECUNDARIO DE MATERIA - TERMINO TEMATICO [R]
Término temático o nombre geográfico como elemento de entrada [NR] Derecho
Subdivisión general [R] Filosofía
9 (RLIN) 30013
942 ## - ELEMENTOS DE ENTRADA AGREGADOS (KOHA)
Sistema de clasificación DEWEY
Tema principal Filosofía
Tipo de ítem principal el descrito en 300a Libro
Edición 1
Clasificación 128
Parte restante de la signatura top. A259k
Existencias
Total préstamos Signatura topográfica Código de barras Última vez visto Ejemplar Costo de reposición Price effective from Tipo de ítem Perdido Sistema de clasificación Dañado No prestable Tipo de ítem específico Suprimido Ubicación habitual Ubicación actual Localización Fecha de creación Proveedor Forma de adquisición Costo
  128 A259k 100158768 05/12/2025 Ej.1 89900.00 16/11/2018 Libro   DEWEY     Libro   Claustro Claustro 2do piso 16/11/2018 37 Compra 89900.00
  128 A259k 100158769 05/12/2025 Ej.2 89900.00 16/11/2018 Libro   DEWEY     Libro   Claustro Claustro 2do piso 16/11/2018 37 Compra 89900.00